00638cam a2200205 a 450000100100000000500170001000800410002702000150006804000180008308200190010110000350012024500500015526000370020530000200024249000320026258600560029465000240035065000260037483000320040000000614820200929151942.0031028s2003 sp 001 0 spa  a8475225292 aDO-SdBNPcDLC aC861.44bC843c1 aCote Baraibar, Ramón,d1963-10aColección privada /cRamón Cote Baraibar. aMadrid :bVisor Libros,c[2003]. a97 p. ;c20 cm.1 aVisor de Poesía ;vv. 529 aIII Premio Casa de América de Poesía Americana. 4aPoesía colombiana 4aLiteratura colombiana 0aVisor de Poesía ;vv. 529